000 00283nam a22001337a 4500
008 181022b xxu||||| |||| 00| 0 eng d
020 _a18879
041 _aeng
080 _a821
100 _a21
101 _aGJL
245 _aThe Craft of Writing
_cBrandt, W.J
942 _2udc
_cBK
999 _c50551
_d50551